[Event "Gibtelecom AmatWk2 7th"]
[Site "Gibraltar"]
[Date "2009.02.02"]
[Round "2.5"]
[White "Carlsen, Ellen Oen"]
[Black "Hadrych, Craig"]
[Result "1-0"]
[WhiteElo "1748"]
[BlackElo "1600"]
[PlyCount "116"]
[EventDate "2009.02.01"]
[EventType "swiss"]
[EventRounds "5"]
[EventCountry "GGB"]
[SourceTitle "BritBase"]
[Source "www.saund.co.uk"]
[SourceDate "2018.02.10"]
[SourceVersion "1"]
[SourceVersionDate "2018.02.10"]
[SourceQuality "1"]

1. e4 e6 2. d4 d5 3. Nd2 Nf6 4. e5 Nfd7 5. Bd3 c5 6. c3 Nc6 7. Ngf3 cxd4 8.
cxd4 Qb6 9. O-O Nxd4 10. Nxd4 Qxd4 11. Nf3 Qb6 12. Qa4 Be7 13. Qg4 Bf8 14. a3
Qd8 15. Bg5 Qb6 16. Rac1 h6 17. Be3 Qd8 18. Qa4 Be7 19. Rc3 O-O 20. Qg4 f5 21.
Qg6 Nb6 22. Bxh6 Rf7 23. Ng5 Bxg5 24. Bxg5 Qe8 25. Bxf5 exf5 26. Rh3 Re7 27.
Qh7+ Kf7 28. Bf6 Ke6 29. Bxe7 Kxe7 30. Qxg7+ Qf7 31. Qg5+ Kd7 32. Rh8 Qe7 33.
Qxf5+ Kc6 34. Qc2+ Kb5 35. Rc1 Bd7 36. Qd3+ Ka5 37. b4+ Ka4 38. Rxa8 Nxa8 39.
Qxd5 Bc6 40. Qd1+ Kb5 41. a4+ Kxb4 42. Qd4+ Ka5 43. Rc5+ Ka6 44. a5 Qd7 45.
Qxd7 Bxd7 46. h4 b6 47. axb6 axb6 48. Rd5 Bc6 49. Rd8 b5 50. e6 Nc7 51. e7 b4
52. Rb8 Bb5 53. Rd8 b3 54. Rd2 Ka5 55. h5 Kb4 56. h6 Be8 57. h7 Kc3 58. Re2 b2
1-0

[Event "Gibtelecom AmatWk2 7th"]
[Site "Gibraltar"]
[Date "2009.02.02"]
[Round "2.6"]
[White "Rough, Robert E"]
[Black "Livesey, R Nigel"]
[Result "1/2-1/2"]
[WhiteElo "1607"]
[BlackElo "1744"]
[PlyCount "63"]
[EventDate "2009.02.01"]
[EventType "swiss"]
[EventRounds "5"]
[EventCountry "GGB"]
[SourceTitle "BritBase"]
[Source "www.saund.co.uk"]
[SourceDate "2018.02.10"]
[SourceVersion "1"]
[SourceVersionDate "2018.02.10"]
[SourceQuality "1"]

1. d4 g6 2. Bf4 Bg7 3. e3 d6 4. Nf3 Nf6 5. h3 O-O 6. Be2 c5 7. c3 Nbd7 8. Nbd2
b6 9. O-O Bb7 10. Re1 Re8 11. Nf1 Qc8 12. N3d2 a6 13. Bf3 b5 14. Bxb7 Qxb7 15.
a3 Rac8 16. Nf3 e5 17. Bh2 cxd4 18. cxd4 e4 19. N3d2 d5 20. Nb3 Bf8 21. Rc1
Rxc1 22. Qxc1 Rc8 23. Qb1 Ne8 24. Rc1 Bd6 25. Nfd2 Bxh2+ 26. Kxh2 Nd6 27. Rxc8+
Qxc8 28. Qc1 Nc4 29. Kg1 Qc7 30. Qc3 Qd6 31. Nxc4 bxc4 32. Nd2 1/2-1/2

[Event "Gibtelecom AmatWk2 7th"]
[Site "Gibraltar"]
[Date "2009.02.02"]
[Round "2.7"]
[White "Manetto, Luis"]
[Black "Elhadad, Oussama"]
[Result "0-1"]
[WhiteElo "1602"]
[BlackElo "1700"]
[PlyCount "51"]
[EventDate "2009.02.01"]
[EventType "swiss"]
[EventRounds "5"]
[EventCountry "GGB"]
[SourceTitle "BritBase"]
[Source "www.saund.co.uk"]
[SourceDate "2018.02.10"]
[SourceVersion "1"]
[SourceVersionDate "2018.02.10"]
[SourceQuality "1"]

1. e4 e5 2. Nf3 Nc6 3. Bb5 a6 4. Ba4 Nf6 5. O-O Be7 6. Re1 b5 7. Bb3 O-O 8. c3
d5 9. exd5 Nxd5 10. Nxe5 Nxe5 11. Rxe5 c6 12. d4 Bd6 13. Re1 Qh4 14. g3 Qh3 15.
Be3 Bg4 16. Qd3 Rae8 17. Nd2 f5 18. Qf1 Qh5 19. Bxd5+ cxd5 20. f4 Re6 21. Qf2
Rfe8 22. b4 R8e7 23. Nf1 h6 24. Bd2 Re2 25. Rxe2 Rxe2 26. Be1 0-1

[Event "Gibtelecom AmatWk2 7th"]
[Site "Gibraltar"]
[Date "2009.02.02"]
[Round "2.8"]
[White "Naldrett, Geoffrey William"]
[Black "O'Connell, Denis"]
[Result "1/2-1/2"]
[WhiteElo "1600"]
[BlackElo "1698"]
[PlyCount "115"]
[EventDate "2009.02.01"]
[EventType "swiss"]
[EventRounds "5"]
[EventCountry "GGB"]
[SourceTitle "BritBase"]
[Source "www.saund.co.uk"]
[SourceDate "2018.02.10"]
[SourceVersion "1"]
[SourceVersionDate "2018.02.10"]
[SourceQuality "1"]

1. Nf3 Nf6 2. g3 d6 3. d4 Nbd7 4. Bg2 c6 5. c4 Qc7 6. Nc3 e5 7. e4 Be7 8. O-O
O-O 9. b3 Re8 10. Qc2 Nf8 11. Bb2 Ng6 12. Rfd1 Bg4 13. h3 Bxf3 14. Bxf3 a6 15.
Rac1 Rac8 16. Qe2 Qd7 17. Bg2 Qc7 18. Rd3 exd4 19. Rxd4 c5 20. Nd5 Nxd5 21.
Rxd5 Ne5 22. Rcd1 Rcd8 23. f4 Nd7 24. e5 dxe5 25. fxe5 Nb6 26. Rxd8 Bxd8 27.
Qg4 Re6 28. Be4 Qe7 29. Bf5 Rc6 30. Rd6 Rxd6 31. exd6 Qe1+ 32. Kg2 Qd2+ 33. Kf1
Qxb2 34. Qe4 Qa1+ 35. Kg2 Qxa2+ 36. Kf1 Qa1+ 37. Kg2 Kf8 38. d7 Qb2+ 39. Kf1
Qc1+ 40. Ke2 Qb2+ 41. Kf1 Qa1+ 42. Kg2 Qb2+ 43. Kf1 Nxd7 44. Bxd7 Qf6+ 45. Kg2
Qe7 46. Qxe7+ Kxe7 47. Bc8 b5 48. Bxa6 b4 49. Kf3 Kd6 50. Bb7 Ke5 51. h4 Kd4
52. Bc6 f6 53. h5 g6 54. g4 Be7 55. Be8 gxh5 56. gxh5 Kc3 57. Ba4 h6 58. Kg4
1/2-1/2

[Event "Gibtelecom AmatWk2 7th"]
[Site "Gibraltar"]
[Date "2009.02.02"]
[Round "2.9"]
[White "Wright, Jonathan"]
[Black "Coats, Jon R"]
[Result "1-0"]
[WhiteElo "1696"]
[BlackElo "1456"]
[PlyCount "41"]
[EventDate "2009.02.01"]
[EventType "swiss"]
[EventRounds "5"]
[EventCountry "GGB"]
[SourceTitle "BritBase"]
[Source "www.saund.co.uk"]
[SourceDate "2018.02.10"]
[SourceVersion "1"]
[SourceVersionDate "2018.02.10"]
[SourceQuality "1"]

1. e4 e6 2. d4 d5 3. Nd2 Nf6 4. e5 Nfd7 5. f4 c5 6. c3 Nc6 7. Ngf3 Be7 8. Bd3
cxd4 9. cxd4 Qb6 10. Nb3 Bb4+ 11. Bd2 O-O 12. O-O h6 13. Kh1 Bxd2 14. Qxd2 Kh8
15. Rae1 Ne7 16. Qf2 f6 17. Qh4 Qd8 18. g4 f5 19. Ng5 Ng6 20. Nf7+ Rxf7 21.
Qxd8+ 1-0

[Event "Gibtelecom AmatWk2 7th"]
[Site "Gibraltar"]
[Date "2009.02.02"]
[Round "2.10"]
[White "Randall, David C"]
[Black "Goodfellow, Russell"]
[Result "0-1"]
[WhiteElo "1576"]
[BlackElo "1688"]
[PlyCount "84"]
[EventDate "2009.02.01"]
[EventType "swiss"]
[EventRounds "5"]
[EventCountry "GGB"]
[SourceTitle "BritBase"]
[Source "www.saund.co.uk"]
[SourceDate "2018.02.10"]
[SourceVersion "1"]
[SourceVersionDate "2018.02.10"]
[SourceQuality "1"]

1. e4 c5 2. Nf3 e6 3. d4 cxd4 4. Nxd4 Nf6 5. Bd3 a6 6. O-O Qc7 7. Nc3 d6 8. f4
Nbd7 9. Nf3 g6 10. f5 Bg7 11. fxe6 fxe6 12. Qe2 O-O 13. Kh1 b5 14. a3 Re8 15.
Bd2 Ng4 16. h3 Nge5 17. Nxe5 Nxe5 18. Qf2 Bb7 19. Rae1 Rac8 20. Qh4 Nc4 21.
Bxc4 Qxc4 22. Rf3 Rf8 23. Qf2 Rxf3 24. gxf3 Qc5 25. Qxc5 Rxc5 26. Kg2 Kf7 27.
Kf2 d5 28. exd5 exd5 29. Rc1 Bc8 30. Kg2 Bf5 31. Kg3 Be5+ 32. Kg2 Ke6 33. Re1
Kd6 34. Rc1 Rc4 35. Re1 Bxc2 36. Bh6 Bf6 37. Bf8+ Kd7 38. Nxd5 Bd8 39. Nb4 a5
40. Nd5 Rd4 41. Ne3 Bb3 42. Bc5 Rd2+ 0-1

[Event "Gibtelecom AmatWk2 7th"]
[Site "Gibraltar"]
[Date "2009.02.02"]
[Round "2.11"]
[White "Homer, Neil S"]
[Black "Garcia, Mario"]
[Result "1/2-1/2"]
[WhiteElo "1416"]
[BlackElo "1663"]
[PlyCount "93"]
[EventDate "2009.02.01"]
[EventType "swiss"]
[EventRounds "5"]
[EventCountry "GGB"]
[SourceTitle "BritBase"]
[Source "www.saund.co.uk"]
[SourceDate "2018.02.10"]
[SourceVersion "1"]
[SourceVersionDate "2018.02.10"]
[SourceQuality "1"]

1. c4 Nf6 2. Nf3 g6 3. Nc3 Bg7 4. e4 d6 5. d4 O-O 6. Be2 Bg4 7. O-O Nbd7 8. Be3
c6 9. Qd2 e5 10. d5 c5 11. Ne1 Bxe2 12. Qxe2 Nh5 13. Nd3 a6 14. a4 Qe8 15. a5
b6 16. b3 f5 17. f3 f4 18. Bd2 Qd8 19. Nd1 bxa5 20. Bxa5 Qh4 21. Qf2 Qxf2+ 22.
N1xf2 Rfc8 23. Rfb1 Bf8 24. Ra4 Rab8 25. b4 Nb6 26. Bxb6 Rxb6 27. b5 Rcb8 28.
Ra5 Nf6 29. Nd1 Ne8 30. Nc3 axb5 31. Raxb5 Rxb5 32. Rxb5 Ra8 33. Rb3 Be7 34.
Kf1 Bd8 35. Nb5 Ra1+ 36. Kf2 Ra2+ 37. Rb2 Rxb2+ 38. Nxb2 Kf7 39. Na4 Ke7 40.
Na7 Kd7 41. Nc3 Nf6 42. Ncb5 g5 43. g4 h6 44. Nc6 Bb6 45. Nb8+ Ke7 46. Nc6+ Kd7
47. Nb8+ 1/2-1/2

[Event "Gibtelecom AmatWk2 7th"]
[Site "Gibraltar"]
[Date "2009.02.02"]
[Round "2.12"]
[White "Kuenitz, Klaus"]
[Black "Bath, Tom"]
[Result "1-0"]
[WhiteElo "1663"]
[BlackElo "1192"]
[PlyCount "73"]
[EventDate "2009.02.01"]
[EventType "swiss"]
[EventRounds "5"]
[EventCountry "GGB"]
[SourceTitle "BritBase"]
[Source "www.saund.co.uk"]
[SourceDate "2018.02.10"]
[SourceVersion "1"]
[SourceVersionDate "2018.02.10"]
[SourceQuality "1"]

1. d4 Nf6 2. c4 b6 3. Nc3 Bb7 4. Bg5 d5 5. e3 g6 6. Nf3 Bg7 7. Rc1 O-O 8. Be2
h6 9. Bh4 g5 10. Bg3 Ne4 11. O-O Nxg3 12. hxg3 e6 13. cxd5 exd5 14. b4 Nd7 15.
b5 Nf6 16. Qb3 Ne4 17. Rc2 Nxc3 18. Rxc3 Qd6 19. Rfc1 Rac8 20. Qc2 g4 21. Nh4
Qd7 22. Rxc7 Rxc7 23. Qxc7 Qxc7 24. Rxc7 Bc8 25. Rxa7 Be6 26. f3 h5 27. a4 Rc8
28. f4 Bf6 29. Kf2 Bxh4 30. gxh4 Rc2 31. a5 bxa5 32. Rxa5 g3+ 33. Ke1 Bh3 34.
b6 Bxg2 35. b7 Bh3 36. b8=Q+ Kh7 37. Bd3+ 1-0

[Event "Gibtelecom AmatWk2 7th"]
[Site "Gibraltar"]
[Date "2009.02.02"]
[Round "2.13"]
[White "Hannan, Peter"]
[Black "Garcia Lechugo, Francisco"]
[Result "1/2-1/2"]
[WhiteElo "1680"]
[BlackElo "1688"]
[PlyCount "51"]
[EventDate "2009.02.01"]
[EventType "swiss"]
[EventRounds "5"]
[EventCountry "GGB"]
[SourceTitle "BritBase"]
[Source "www.saund.co.uk"]
[SourceDate "2018.02.10"]
[SourceVersion "1"]
[SourceVersionDate "2018.02.10"]
[SourceQuality "1"]

1. e4 Nc6 2. d4 d5 3. e5 f6 4. f4 Bf5 5. Nf3 Nh6 6. Bd3 Be4 7. c3 Bxf3 8. Qxf3
e6 9. Nd2 f5 10. Nf1 Qh4+ 11. g3 Qg4 12. Kf2 Qxf3+ 13. Kxf3 Be7 14. h3 O-O-O
15. Bd2 Nf7 16. Re1 g5 17. g4 fxg4+ 18. hxg4 gxf4 19. Bxf4 Ng5+ 20. Bxg5 Bxg5
21. Rxh7 Rdf8+ 22. Kg2 Rhg8 23. Be2 Ne7 24. Ng3 Ng6 25. Nh5 Nf4+ 26. Nxf4
1/2-1/2

[Event "Gibtelecom AmatWk2 7th"]
[Site "Gibraltar"]
[Date "2009.02.02"]
[Round "2.14"]
[White "Salomon, Johan"]
[Black "Yarur Elsaca, Daniel"]
[Result "1-0"]
[WhiteElo "1174"]
[BlackElo "1805"]
[PlyCount "73"]
[EventDate "2009.02.01"]
[EventType "swiss"]
[EventRounds "5"]
[EventCountry "GGB"]
[SourceTitle "BritBase"]
[Source "www.saund.co.uk"]
[SourceDate "2018.02.10"]
[SourceVersion "1"]
[SourceVersionDate "2018.02.10"]
[SourceQuality "1"]

1. e4 c5 2. Nc3 g6 3. f4 d6 4. Nf3 Bg7 5. g3 Nf6 6. Bg2 O-O 7. O-O Nc6 8. d3 a6
9. h3 b5 10. g4 e5 11. f5 Bd7 12. Bg5 Qc7 13. Bxf6 Bxf6 14. Nd5 Qd8 15. Nxf6+
Qxf6 16. g5 Qd8 17. Qe1 Nd4 18. Nxd4 cxd4 19. f6 Kh8 20. Rf3 Rg8 21. h4 Rc8 22.
Rc1 Rc5 23. h5 gxh5 24. Qh4 Be8 25. Qxh5 Rg6 26. Kh2 d5 27. exd5 Rxd5 28. Rg3
Qd6 29. Be4 a5 30. Kg2 Qb4 31. Rd1 Qxb2 32. Rh1 Qxc2+ 33. Kf3 Rxf6+ 34. gxf6
Qxd3+ 35. Bxd3 e4+ 36. Bxe4 Rxh5 37. Rxh5 1-0

[Event "Gibtelecom AmatWk2 7th"]
[Site "Gibraltar"]
[Date "2009.02.02"]
[Round "2.15"]
[White "Socko, Weronika"]
[Black "Cox, Marian"]
[Result "1/2-1/2"]
[WhiteElo "1600"]
[BlackElo "1192"]
[PlyCount "89"]
[EventDate "2009.02.01"]
[EventType "swiss"]
[EventRounds "5"]
[EventCountry "GGB"]
[SourceTitle "BritBase"]
[Source "www.saund.co.uk"]
[SourceDate "2018.02.10"]
[SourceVersion "1"]
[SourceVersionDate "2018.02.10"]
[SourceQuality "1"]

1. e4 e5 2. Nf3 Nc6 3. Bc4 Nf6 4. Nc3 h6 5. d4 exd4 6. Nxd4 Bb4 7. f3 Ne5 8.
Qe2 Nxc4 9. Qxc4 c5 10. Nf5 d5 11. Qb5+ Bd7 12. Qe2 Bxf5 13. exf5+ Qe7 14.
Qxe7+ Kxe7 15. O-O Bxc3 16. bxc3 Rae8 17. Ba3 b6 18. g4 Nd7 19. f4 h5 20. g5 f6
21. g6 h4 22. Rad1 Kd6 23. c4 d4 24. Rxd4+ Kc6 25. Rd3 Rh5 26. Rh3 Re4 27. c3
Rxc4 28. Bb2 b5 29. Kg2 a5 30. a3 b4 31. a4 bxc3 32. Bxc3 Rxc3 33. Rxc3 Rxf5
34. Kh3 Rh5 35. Re1 Rh6 36. f5 Ne5 37. Rec1 c4 38. Rb1 Kd5 39. Rd1+ Kc5 40. Ra1
Rh5 41. Re3 Rxf5 42. Kxh4 Rg5 43. Rg3 Nxg6+ 44. Kh3 Nf4+ 45. Kh4 1/2-1/2

[Event "Gibtelecom AmatWk2 7th"]
[Site "Gibraltar"]
[Date "2009.02.02"]
[Round "2.16"]
[White "Vargas Salgado, Raul"]
[Black "Chidi, Lovinia Sylvia"]
[Result "0-1"]
[WhiteElo "1156"]
[BlackElo "1588"]
[PlyCount "68"]
[EventDate "2009.02.01"]
[EventType "swiss"]
[EventRounds "5"]
[EventCountry "GGB"]
[SourceTitle "BritBase"]
[Source "www.saund.co.uk"]
[SourceDate "2018.02.10"]
[SourceVersion "1"]
[SourceVersionDate "2018.02.10"]
[SourceQuality "1"]

1. e4 c5 2. Nf3 d6 3. d4 cxd4 4. Nxd4 Nf6 5. Nc3 a6 6. Bc4 e6 7. Bg5 Be7 8. O-O
O-O 9. Re1 b5 10. Bb3 Bb7 11. f4 h6 12. Bh4 Nc6 13. Nf3 Qc7 14. e5 dxe5 15.
fxe5 Rad8 16. Qc1 Ng4 17. Bxe7 Qxe7 18. h3 Qc5+ 19. Kh1 Ngxe5 20. Nxe5 Nxe5 21.
Qf4 Ng6 22. Qe3 Qxe3 23. Rxe3 Rd2 24. Ne4 Bxe4 25. Rxe4 Rfd8 26. c3 Rxb2 27. c4
bxc4 28. Bxc4 Rdd2 29. Bxa6 Rxg2 30. Bc4 Rh2+ 31. Kg1 Ne7 32. a4 Rhg2+ 33. Kh1
h5 34. a5 Nf5 0-1

[Event "Gibtelecom AmatWk2 7th"]
[Site "Gibraltar"]
[Date "2009.02.02"]
[Round "2.17"]
[White "Poggio, Freddie"]
[Black "Cox, Reginald"]
[Result "1-0"]
[WhiteElo "1544"]
[BlackElo "1088"]
[PlyCount "49"]
[EventDate "2009.02.01"]
[EventType "swiss"]
[EventRounds "5"]
[EventCountry "GGB"]
[SourceTitle "BritBase"]
[Source "www.saund.co.uk"]
[SourceDate "2018.02.10"]
[SourceVersion "1"]
[SourceVersionDate "2018.02.10"]
[SourceQuality "1"]

1. Nf3 Nf6 2. d4 d5 3. c3 e6 4. Bg5 h6 5. Bh4 Be7 6. Nbd2 O-O 7. Bxf6 Bxf6 8.
e4 Nc6 9. e5 Bg5 10. h4 Be7 11. Bd3 f5 12. Qc2 Qe8 13. g4 fxg4 14. Bg6 Qd8 15.
Nh2 Bxh4 16. O-O-O g3 17. fxg3 Bxg3 18. Nhf3 Bf4 19. Kb1 Bxd2 20. Nxd2 Bd7 21.
Rdg1 Be8 22. Rxh6 Qe7 23. Bxe8 Raxe8 24. Qh7+ Kf7 25. Qxg7# 1-0

[Event "Gibtelecom AmatWk2 7th"]
[Site "Gibraltar"]
[Date "2009.02.02"]
[Round "2.18"]
[White "Stoop, Michael"]
[Black "McGladdery, David G"]
[Result "1-0"]
[WhiteElo "1080"]
[BlackElo "1512"]
[PlyCount "95"]
[EventDate "2009.02.01"]
[EventType "swiss"]
[EventRounds "5"]
[EventCountry "GGB"]
[SourceTitle "BritBase"]
[Source "www.saund.co.uk"]
[SourceDate "2018.02.10"]
[SourceVersion "1"]
[SourceVersionDate "2018.02.10"]
[SourceQuality "1"]

1. d4 c6 2. Nf3 d5 3. e3 Nf6 4. Bd3 e6 5. Nbd2 c5 6. b3 Nc6 7. Bb2 Bd7 8. a3
Rc8 9. O-O Be7 10. Qe2 O-O 11. c4 cxd4 12. exd4 Bd6 13. Ne5 Ne7 14. f4 dxc4 15.
Ndxc4 Bc6 16. Nxc6 Nxc6 17. Ne5 Qb6 18. Qe3 Be7 19. Kh1 Rfd8 20. Rad1 g6 21. b4
Nxd4 22. Bb1 Nc6 23. Qxb6 axb6 24. b5 Nxe5 25. Bxe5 Rxd1 26. Rxd1 Nd5 27. Bb2
Ra8 28. g3 Bxa3 29. Be5 Bc5 30. Be4 Rd8 31. Ra1 f6 32. Bb2 f5 33. Bf3 Kf7 34.
Ra7 Rb8 35. Be5 Re8 36. Rxb7+ Re7 37. Rxe7+ Kxe7 38. Kg2 Kd7 39. Kh3 Be7 40. g4
fxg4+ 41. Kxg4 Bd6 42. Bxd6 Kxd6 43. h4 h6 44. Be4 Ne3+ 45. Kf3 Nf5 46. Kg4 Ne7
47. h5 gxh5+ 48. Kxh5 1-0

[Event "Gibtelecom AmatWk2 7th"]
[Site "Gibraltar"]
[Date "2009.02.02"]
[Round "2.19"]
[White "Escandell Atienza, Santiago"]
[Black "Benson, Nicola"]
[Result "1-0"]
[WhiteElo "1485"]
[BlackElo "813"]
[PlyCount "87"]
[EventDate "2009.02.01"]
[EventType "swiss"]
[EventRounds "5"]
[EventCountry "GGB"]
[SourceTitle "BritBase"]
[Source "www.saund.co.uk"]
[SourceDate "2018.02.10"]
[SourceVersion "1"]
[SourceVersionDate "2018.02.10"]
[SourceQuality "1"]

1. e4 d5 2. exd5 Nf6 3. d4 Nxd5 4. Nf3 g6 5. c4 Nb6 6. Be3 Bg7 7. h3 O-O 8. Nc3
Nc6 9. Qd2 Re8 10. O-O-O a5 11. d5 Ne5 12. Nxe5 Bxe5 13. Bd4 Bxd4 14. Qxd4 Bd7
15. c5 e5 16. Qd2 Na4 17. Nxa4 Bxa4 18. b3 Bd7 19. Be2 b5 20. c6 Bc8 21. Bxb5
Ba6 22. Bxa6 Rxa6 23. h4 a4 24. Kb2 Qb8 25. Qe3 Qb4 26. h5 a3+ 27. Kb1 Qf4 28.
Rd3 Qf6 29. h6 Ra5 30. Rhd1 e4 31. Qe2 Kf8 32. Rd4 Re5 33. d6 cxd6 34. Rxd6 Qg5
35. c7 Rac5 36. Rd8+ Ke7 37. c8=Q Rxc8 38. Rxc8 Rd5 39. Qxe4+ Re5 40. Rc7+ Ke6
41. Qc4+ Kf5 42. Rxf7+ Qf6 43. g4+ Kg5 44. f4+ 1-0

[Event "Gibtelecom AmatWk2 7th"]
[Site "Gibraltar"]
[Date "2009.02.02"]
[Round "2.20"]
[White "Haddock, Paul"]
[Black "Ruiz, Jose Mari"]
[Result "1-0"]
[WhiteElo "1416"]
[BlackElo "700"]
[PlyCount "41"]
[EventDate "2009.02.01"]
[EventType "swiss"]
[EventRounds "5"]
[EventCountry "GGB"]
[SourceTitle "BritBase"]
[Source "www.saund.co.uk"]
[SourceDate "2018.02.10"]
[SourceVersion "1"]
[SourceVersionDate "2018.02.10"]
[SourceQuality "1"]

1. e4 e5 2. f4 exf4 3. Nf3 Nf6 4. Nc3 Nc6 5. d4 Bd6 6. e5 Nxe5 7. dxe5 Bc5 8.
exf6 Qxf6 9. Qe2+ Be7 10. Nd5 Qe6 11. Qxe6 dxe6 12. Nxe7 Kxe7 13. Bxf4 f6 14.
Bxc7 g5 15. O-O-O h6 16. Bc4 e5 17. Bd6+ Ke8 18. Bb5+ Kf7 19. Rhf1 Rd8 20.
Nxe5+ Ke6 21. Bc4# 1-0

[Event "Gibtelecom AmatWk2 7th"]
[Site "Gibraltar"]
[Date "2009.02.02"]
[Round "2.21"]
[White "Huba, Mark"]
[Black "Cramling Bellon, Anna Yolanda"]
[Result "1-0"]
[WhiteElo "1320"]
[BlackElo "1000"]
[PlyCount "57"]
[EventDate "2009.02.01"]
[EventType "swiss"]
[EventRounds "5"]
[EventCountry "GGB"]
[SourceTitle "BritBase"]
[Source "www.saund.co.uk"]
[SourceDate "2018.02.10"]
[SourceVersion "1"]
[SourceVersionDate "2018.02.10"]
[SourceQuality "1"]

1. Nf3 d6 2. e4 Nf6 3. d3 Nc6 4. g3 Bg4 5. Nbd2 Qc8 6. Bg2 e5 7. O-O Be7 8. Re1
O-O 9. Nf1 Bxf3 10. Bxf3 Nd4 11. Bg2 Ng4 12. c3 Nf3+ 13. Qxf3 Re8 14. h3 Nf6
15. Ne3 g6 16. g4 d5 17. exd5 c6 18. dxc6 bxc6 19. Qxc6 Qb8 20. Qxa8 Qb6 21.
Qf3 Rd8 22. Nc4 Qa6 23. Nxe5 Re8 24. Nc6 Bd6 25. Rxe8+ Kg7 26. Re2 Qb7 27. Bg5
Qc7 28. Qxf6+ Kf8 29. Qh8# 1-0

[Event "Gibtelecom AmatWk2 7th"]
[Site "Gibraltar"]
[Date "2009.02.03"]
[Round "3.1"]
[White "Goodfellow, Russell"]
[Black "Carlsen, Ellen Oen"]
[Result "0-1"]
[WhiteElo "1688"]
[BlackElo "1748"]
[PlyCount "59"]
[EventDate "2009.02.01"]
[EventType "swiss"]
[EventRounds "5"]
[EventCountry "GGB"]
[SourceTitle "BritBase"]
[Source "www.saund.co.uk"]
[SourceDate "2018.02.10"]
[SourceVersion "1"]
[SourceVersionDate "2018.02.10"]
[SourceQuality "1"]

1. e4 c5 2. Nf3 Nc6 3. d4 cxd4 4. Nxd4 Nf6 5. Nc3 e5 6. Ndb5 d6 7. a4 a6 8. Na3
Be6 9. Bc4 Be7 10. Bd5 Rb8 11. b3 O-O 12. h3 Nb4 13. Be3 Nbxd5 14. exd5 Bd7 15.
Qd3 Nh5 16. g4 Nf4 17. Bxf4 exf4 18. O-O-O Rc8 19. Ne2 b5 20. axb5 axb5 21.
Nxb5 Qa5 22. Nbc3 Bf6 23. Ne4 Rxc2+ 24. Qxc2 Rc8 25. Nxf6+ gxf6 26. Qxc8+ Bxc8
27. Kb2 Ba6 28. Nc3 Qb6 29. Ne4 Bc4 30. Nd2 0-1

[Event "Gibtelecom AmatWk2 7th"]
[Site "Gibraltar"]
[Date "2009.02.03"]
[Round "3.2"]
[White "Elhadad, Oussama"]
[Black "Kuenitz, Klaus"]
[Result "1-0"]
[WhiteElo "1700"]
[BlackElo "1663"]
[PlyCount "47"]
[EventDate "2009.02.01"]
[EventType "swiss"]
[EventRounds "5"]
[EventCountry "GGB"]
[SourceTitle "BritBase"]
[Source "www.saund.co.uk"]
[SourceDate "2018.02.10"]
[SourceVersion "1"]
[SourceVersionDate "2018.02.10"]
[SourceQuality "1"]

1. e4 e6 2. d4 d5 3. Nc3 dxe4 4. Nxe4 Nd7 5. Nf3 Ngf6 6. Bg5 Be7 7. Nxf6+ Nxf6
8. Bd3 O-O 9. O-O b6 10. c3 Bb7 11. Re1 c5 12. Bc2 Bxf3 13. Qxf3 cxd4 14. Qh3
h6 15. Bxh6 gxh6 16. Qxh6 Qd5 17. g4 d3 18. Re3 Nxg4 19. Rg3 Qf5 20. Bxd3 Qxf2+
21. Kh1 Qf3+ 22. Rxf3 Nxh6 23. Rg1+ Kh8 24. Rh3 1-0

[Event "Gibtelecom AmatWk2 7th"]
[Site "Gibraltar"]
[Date "2009.02.03"]
[Round "3.3"]
[White "Bishop, Geoffrey L"]
[Black "Wright, Jonathan"]
[Result "1-0"]
[WhiteElo "1616"]
[BlackElo "1696"]
[PlyCount "54"]
[EventDate "2009.02.01"]
[EventType "swiss"]
[EventRounds "5"]
[EventCountry "GGB"]
[SourceTitle "BritBase"]
[Source "www.saund.co.uk"]
[SourceDate "2018.02.10"]
[SourceVersion "1"]
[SourceVersionDate "2018.02.10"]
[SourceQuality "1"]

1. e4 c6 2. d4 d5 3. Nc3 dxe4 4. Nxe4 Bf5 5. Bd3 e6 6. Nf3 Bxe4 7. Bxe4 Nf6 8.
Bd3 Bd6 9. c3 Nbd7 10. O-O Qc7 11. Re1 O-O-O 12. b4 Kb8 13. a4 Rhe8 14. b5 c5
15. a5 c4 16. Bf1 Ng4 17. g3 e5 18. Ng5 Ndf6 19. b6 axb6 20. axb6 Qxb6 21. h3
Nxf2 22. Kxf2 exd4 23. Rxe8 Rxe8 24. cxd4 h6 25. Nxf7 Ne4+ 26. Kg2 Bxg3 27. Qa4
Rf8 1-0

[Event "Gibtelecom AmatWk2 7th"]
[Site "Gibraltar"]
[Date "2009.02.03"]
[Round "3.4"]
[White "Viera Falcon, Cristo"]
[Black "Wiltshire, Michael R"]
[Result "0-1"]
[WhiteElo "1750"]
[BlackElo "1656"]
[PlyCount "84"]
[EventDate "2009.02.01"]
[EventType "swiss"]
[EventRounds "5"]
[EventCountry "GGB"]
[SourceTitle "BritBase"]
[Source "www.saund.co.uk"]
[SourceDate "2018.02.10"]
[SourceVersion "1"]
[SourceVersionDate "2018.02.10"]
[SourceQuality "1"]

1. d4 f5 2. c4 g6 3. Nc3 Bg7 4. Nf3 Nf6 5. g3 d6 6. Bg2 O-O 7. O-O c6 8. Qc2
Qc7 9. Bf4 Nh5 10. Bd2 e6 11. Rfe1 Nd7 12. e4 Rb8 13. exf5 exf5 14. Re7 Bf6 15.
Re2 Nb6 16. b3 Bd7 17. c5 dxc5 18. dxc5 Na8 19. Rae1 Rbd8 20. Nd1 Be8 21. Bh6
Ng7 22. Bf4 Qc8 23. Bd6 Bf7 24. Bxf8 Kxf8 25. Ne3 Nc7 26. Nc4 Nb5 27. a4 Nd4
28. Nxd4 Bxd4 29. Nd6 Qc7 30. Qd2 Bxc5 31. Qc3 Qxd6 32. Qc2 Bb4 33. Rc1 Qd3 34.
Qb2 Qxb3 35. Qf6 Rd1+ 36. Rxd1 Qxd1+ 37. Bf1 Qd6 38. Qh4 c5 39. Qxh7 Bc4 40.
Qh8+ Kf7 41. Re8 Bxf1 42. Rf8+ Qxf8 0-1